Технология изготовления кулачка соосного редуктора с разгруженным сепаратором; Современные техника и технологии; Т. 1

গ্রন্থ-পঞ্জীর বিবরন
Parent link:Современные техника и технологии: 11-я международная научно-практическая конференция студентов, аспирантов и молодых ученых, г. Томск, 29-марта - 2 апреля 2005 г.: труды/ Томский политехнический университет.— , 2005
Т. 1.— 2005.— С. 239-241.
প্রধান লেখক: Шибинский К. Г. Константин Григорьевич
অন্যান্য লেখক: Ефременков Е. А. Егор Алексеевич
ভাষা:রুশ
প্রকাশিত: 2005
বিষয়গুলি:
বিন্যাস: গ্রন্থের অধ্যায়
KOHA link:https://koha.lib.tpu.ru/cgi-bin/koha/opac-detail.pl?biblionumber=93885

MARC

LEADER 00000naa2a2200000 4500
001 93885
005 20240204181638.0
035 |a (RuTPU)RU\TPU\book\100575 
090 |a 93885 
100 |a 20060404d2005 k y0rusy50 ca 
101 0 |a rus 
102 |a RU 
200 1 |a Технология изготовления кулачка соосного редуктора с разгруженным сепаратором  |f К. Г. Шибинский, Е. А. Ефременков 
320 |a Библиогр.: 1 назв. 
461 0 |0 (RuTPU)RU\TPU\book\96566  |t Современные техника и технологии  |o 11-я международная научно-практическая конференция студентов, аспирантов и молодых ученых, г. Томск, 29-марта - 2 апреля 2005 г.: труды  |f Томский политехнический университет  |d 2005 
463 0 |0 (RuTPU)RU\TPU\book\96163  |t Т. 1  |v С. 239-241.  |d 2005  |p 404 с. 
610 1 |a редукторы 
610 1 |a соосные редукторы 
610 1 |a сепараторы 
610 1 |a изготовление 
610 1 |a кулачки 
610 1 |a промежуточные тела качения 
610 1 |a труды учёных ТПУ 
700 1 |a Шибинский  |b К. Г.  |c специалист в области машиностроения  |c старший преподаватель Томского политехнического университета  |f 1980-  |g Константин Григорьевич  |3 (RuTPU)RU\TPU\pers\30617 
701 1 |a Ефременков  |b Е. А.  |c специалист в области машиностроения  |c доцент Томского политехнического университета, кандидат технических наук  |f 1975-  |g Егор Алексеевич  |3 (RuTPU)RU\TPU\pers\25819  |4 070  |9 11692 
801 1 |a RU  |b 63413507  |c 20060404  |g PSBO 
801 2 |a RU  |b 63413507  |c 20150331  |g RCR 
942 |c BK